00442nam a22001577a 4500003000400000082001800004100002000022245002300042260004400065300000700109650001700116653001700133942001200150952010500162999001700267SGT a617.643bW21K aKaushik, Keerti aWhite Spot Lesions aGurugram, HaryanabSGT Universityc2021 a90 aOrthodontics aOrthodontics 2ddccTH 00102ddc405171aFDbFDd2022-12-22l0o617.643 W21KpDT1402r2022-12-22 00:00:00w2022-12-22yTH c23623d23623